Principles of marine and lake sedimentology (Record no. 756434)

MARC details
000 -LEADER
fixed length control field 00292 a2200109 4500
005 - DATE AND TIME OF LATEST TRANSACTION
control field 20260219120220.0
020 ## - INTERNATIONAL STANDARD BOOK NUMBER
International Standard Book Number 9781647405625
100 ## - MAIN ENTRY--PERSONAL NAME
Personal name AIDEN WILLIAMS
9 (RLIN) 10330
245 ## - TITLE STATEMENT
Title Principles of marine and lake sedimentology
260 ## - PUBLICATION, DISTRIBUTION, ETC.
Name of publisher, distributor, etc. Syrawood publishing house, New York
Date of publication, distribution, etc. 2025,
942 ## - ADDED ENTRY ELEMENTS (KOHA)
Koha item type Book
Holdings
Withdrawn status Lost status Damaged status Not for loan Home library Current library Date acquired Source of acquisition Cost, normal purchase price Total Checkouts Barcode Date last seen Cost, replacement price Price effective from Koha item type
      Ordered Kerala University Library Kerala University Library 24/02/2026 27 11641.10   326246 24/02/2026 14551.38 24/02/2026 Book